000 01670nam2a2200265 4500
001 rc\2885557
005 20260315052643.0
035 _a(NLR Aleph) 007038143
090 _a13586652
_c13586652
100 _a20260315 rusy50
101 0 _arus
102 _aRU
105 _aa z |||||
200 1 _aОптика
_aУчение о цветах
_fС.В. Кравков и В.Л. Левшин
210 _dБ. г.
215 _a63 с.
_cил.
320 _aБиблиогр.: указания рекомендуемой литературы в конце уроков
461 0 _1001rc\2885556
_12001#$aФизика$fОгиз - Гос. науч. техн. изд-во Заоч. подготовка кадров ... ВСНХ-СССР. Моск. текстильный ин-т. Отд. массово-производ. просвещения. Сектор заоч. обуч. ... [Красильно-отделочный цикл]$vУроки 9-12
_96070260
_aМосковский текстильный институт. Сектор заочного обучения
_c[Москва]
_dБ. г.
_e2-е изд.
_fОгиз - Гос. науч. техн. изд-во Заоч. подготовка кадров ... ВСНХ-СССР. Моск. текстильный ин-т. Отд. массово-производ. просвещения. Сектор заоч. обуч. ... [Красильно-отделочный цикл]
_nОгиз
_tФизика
_vУроки 9-12
700 1 _aКравков
_bС.В.
701 1 _aЛевшин
_bВ.Л.
801 0 _aRU
_bNLR
_gpsbo
801 1 _aRU
_bELAR
_2rusmarc
852 _aNLR
_j30-18/225
942 _cUNSPEC
980 _aNB